CONMEBOL members by Logo - Statistics

General Stats
  • This quiz has been taken 159 times
  • The average score is 10 of 10
Answer Stats
Picture Answer % Correct
Argentina
100%
Chile
100%
Peru
100%
Bolivia
99%
Colombia
99%
Ecuador
99%
Paraguay
99%
Uruguay
99%
Brazil
98%
Venezuela
97%
No matching quizzes found
Score Distribution
Percent of People with Each Score
Percentile by Number Answered
Your Score History
You have not taken this quiz